Statystyki dla Irregular Verbs

Kliknij tutaj aby rozwiązać quiz!

Ogólne statystyki

  • Ten quiz został rozwiązany 124 razy
  • Średni wynik to 95 z 237

Statystyki odpowiedzi

Tłumaczenie1 forma2 forma3 forma% Poprawnych
byćbewas / werebeen
94%
was / were
91%
been
86%
bought
71%
kupowaćbuyboughtbought
71%
bought
70%
budowaćbuildbuiltbuilt
68%
pićdrinkdrankdrunk
67%
jeśćeatateeaten
67%
ate
65%
bićbeatbeatbeaten
65%
became
65%
become
65%
zostać / stać siębecomebecamebecome
65%
złamać / rozbićbreakbrokebroken
65%
built
65%
drank
65%
drunk
65%
eaten
65%
beat
64%
broke
64%
broken
64%
beaten
62%
built
62%
jeździć / kierowaćdrivedrovedriven
62%
began
59%
zaczynać siębeginbeganbegun
59%
gryźćbitebitbitten
59%
cut
59%
cut
59%
ciąćcutcutcut
59%
ciągnąć / rysowaćdrawdrewdrawn
59%
budzić sięawakeawokeawoken
58%
begun
58%
bit
58%
bitten
58%
burn
58%
palić / parzyćburnburnburnt
58%
kosztowaćcostcostcost
58%
drove
58%
walczyćfightfoughtfought
58%
lataćflyflewflown
58%
cost
57%
cost
57%
drew
55%
driven
55%
czuć sięfeelfeltfelt
55%
felt
55%
felt
55%
miećhavehadhad
55%
awoke
54%
łapać / chwytaćcatchcaughtcaught
54%
wybieraćchoosechosechosen
54%
chose
54%
chosen
54%
robić / czynićdodiddone
54%
śnić / marzyćdreamdreamtdreamt
54%
znaleźćfindfoundfound
54%
flew
54%
found
54%
iść / jechaćgowentgone
54%
went
54%
blew
52%
dmuchaćblowblewblown
52%
burnt
52%
did
52%
drawn
52%
found
52%
słyszećhearheardheard
52%
awoken
51%
blown
51%
fought
51%
fought
51%
had
51%
płacićpaypaidpaid
51%
came
49%
przyjść / przyjechaćcomecamecome
49%
done
49%
upaśćfallfellfallen
49%
bled
48%
bled
48%
krwawićbleedbledbled
48%
gave
48%
dawaćgivegavegiven
48%
given
48%
rosnąćgrowgrewgrown
48%
had
48%
heard
48%
heard
48%
uczyć sięlearnlearntlearnt
48%
przynosićbringbroughtbrought
46%
caught
46%
come
46%
fallen
46%
fell
46%
zapomniećforgetforgotforgotten
46%
forgot
46%
forgotten
46%
gone
46%
wiedziećknowknewknown
46%
dreamt
45%
dreamt
45%
grew
45%
knew
45%
paid
45%
paid
45%
caught
43%
fed
43%
fed
43%
karmićfeedfedfed
43%
flown
43%
grown
43%
hid
42%
hidden
42%
ukrywać sięhidehidhidden
42%
hit
42%
hit
42%
uderzyćhithithit
42%
learnt
42%
learnt
42%
opuścić / zostawićleaveleftleft
42%
left
42%
left
42%
dostawaćgetgotgot
41%
got
41%
got
41%
known
41%
spotykaćmeetmetmet
41%
met
41%
met
41%
brought
39%
brought
39%
lost
39%
lost
39%
przebaczaćforgiveforgaveforgiven
38%
forgiven
38%
hurt
38%
zranić sięhurthurthurt
38%
hurt
38%
gubić / tracićloselostlost
38%
zakładać siębetbetbet
36%
bet
36%
bet
36%
forgave
36%
made
36%
made
36%
robić / wytwarzaćmakemademade
36%
urodzić się / nosićbearboreborn
35%
born
35%
kopaćdigdugdug
35%
dug
33%
wieszać kogoś / cośhanghanged / hunghanged / hung
33%
trzymaćholdheldheld
33%
bore
32%
dug
32%
pożyczać (komuś)lendlentlent
32%
lent
32%
lent
32%
pozwalaćletletlet
32%
let
32%
let
32%
hanged / hung
30%
hanged / hung
30%
zginać / schylaćbendbentbent
29%
held
29%
held
29%
bent
28%
bent
28%
hodować / rodzićbreedbredbred
28%
leżećlielaylain
28%
wiązaćbindboundbound
26%
bred
26%
bred
26%
trzymaćkeepkeptkept
26%
kept
26%
kept
26%
kłaść / położyćlaylaidlaid
26%
lay
26%
zabraniaćforbidforbadeforbidden
23%
froze
23%
zapalaćlightlitlit
23%
mieć do czynieniadealdealtdealt
22%
dealt
22%
dealt
22%
forbidden
22%
frozen
22%
bound
20%
bound
20%
cast
20%
cast
20%
rzucaćcastcastcast
20%
marznąćfreezefrozefrozen
20%
laid
20%
laid
20%
prowadzićleadledled
20%
led
20%
led
20%
czołgać się, skradaćcreepcreptcrept
19%
crept
19%
crept
19%
uciekaćfleefledfled
19%
lain
19%
mieć coś na myślimeanmeantmeant
19%
burst
17%
rozrywać / wybuchaćburstburstburst
17%
burst
17%
fled
17%
fled
17%
lit
17%
lit
17%
meant
17%
meant
17%
forbade
16%
klękaćkneelkneltknelt
16%
knelt
16%
knelt
16%
robić na drutachknitknitknit
16%
knit
16%
knit
16%
kosićmowmowedmowed
14%
rzucaćflingflungflung
12%
flung
12%
flung
12%
opierać sięleanleantleant
12%
mleć / ucieraćgrindgroundground
10%
leant
10%
leant
10%
mowed
10%
mowed
10%
ground
9%
ground
9%
skakaćleapleaptleapt
9%
leapt
9%
leapt
9%
opuszczaćforsakeforsookforsaken
7%
forsaken
7%
forsook
6%

Rozkład punktacji

Percentyl według liczby udzielonych odpowiedzi

Procent ludzi z każdym wynikiem

Twoja historia wyników

Nie rozwiązałeś tego quizu